Normal view
MARC view
- Bibliotecas
Entry Materia
001 - NÚMERO DE CONTROL DEL REGISTRO
- campo de control: 6203
003 - IDENTIFICADOR DE NUMERO DE CONTROL
- campo de control: MX-MxUPN
005 - FECHA Y HORA DE LA ÚLTIMA TRANSACCIÓN
- campo de control: 20250526143918.0
008 - DATOS DE LONGITUD FIJA
- campo de control de longitud fija: 250526n| acnnnbabn | ana |d
035 ## - NÚMERO DE CONTROL DEL SISTEMA
- Número de control del sistema: UPN10000006204
040 ## - FUENTE DE LA CATALOGACIÓN
- Centro catalogador de origen: MX-MxUPN
- Lengua de catalogación: spa
- Agencia de transcripción: MX-MxUPN
150 #4 - ENCABEZAMIENTO - TEMÁTICO
- Término de materia o nombre geográfico como elemento inicial: Bibliotecas
360 ## - REFERENCIA COMPLEJA DE VÉASE ADEMÁS - MATERIA
- Texto explicativo: Clases especiales de bibliotecas. Ej.:
- Encabezamiento al que se remite: BIBLIOTECAS ESCOLARES
- Texto explicativo: ; y también
- Encabezamiento al que se remite: BIBLIOTECAS
- Texto explicativo: bajo nombres de ciudades. Ej.:
- Encabezamiento al que se remite: CHICAGO - BIBLIOTECAS
- Texto explicativo: ; y encabezamientos que empiecen con la palabra Biblioteca
670 ## - FUENTE EN LA QUE SE LOCALIZARON DATOS
- Cita de la fuente: E
902 ## - CATALOGADOR
- Catalogador: MEEG/150197
